[Event "HUN-chT2 Barcza 2324"]
[Site "Hungary"]
[Date "2024.04.07"]
[Round "7.11"]
[White "Petnehazi, Peter"]
[Black "Elek, Monika"]
[Result "1/2-1/2"]
[WhiteElo "1579"]
[BlackElo "1852"]
[PlyCount "144"]
[EventDate "2023.10.08"]
[EventType "team-tourn"]
[EventRounds "9"]
[EventCountry "HUN"]
[SourceTitle "EXT 2025"]
[Source "ChessBase"]
[SourceDate "2024.10.14"]
[SourceVersion "1"]
[SourceVersionDate "2024.10.14"]
[SourceQuality "1"]
[WhiteTeam "Debrecen Sakkiskola"]
[BlackTeam "Kazincbarcika"]
[WhiteTeamCountry "HUN"]
[BlackTeamCountry "HUN"]

1. d4 d5 2. c4 e6 3. Nc3 c6 4. Bf4 Nf6 5. Nf3 Nbd7 6. e3 Be7 7. h3 0-0 8. Bd3 dxc4 9. Bxc4 Nb6 10. Bb3 Nbd5 11. Bh2 Bb4 12. Qd3 b6 13. 0-0 a5 14. e4 Nxc3 15. bxc3 Be7 16. Bc2 g6 17. Qe3 Ba6 18. Rfe1 Nd7 19. e5 Re8 20. Bf4 Bb7 21. Ng5 Nf8 22. h4 c5 23. h5 cxd4 24. cxd4 Rc8 25. Re2 Qd5 26. Be4 Qd7 27. hxg6 fxg6 28. Bxb7 Qxb7 29. Ne4 Red8 30. Bg5 Bxg5 31. Qxg5 Rb8 32. Nd6 Qd5 33. Qf4 Rd7 34. Rd2 b5 35. Ne4 Qc4 36. Nf6+ Kg7 37. Nxd7 Nxd7 38. Qf3 Rf8 39. Qd3 Qd5 40. Rc1 Qb7 41. Rdc2 Rd8 42. Rc7 Qd5 43. Qb3 Qxb3 44. axb3 Kg8 45. Ra7 Nf8 46. Rcc7 Rxd4 47. Rc8 Rf4 48. Rxa5 b4 49. Ra6 Kg7 50. Ra7+ Kh6 51. g3 Rf5 52. f4 g5 53. Rcc7 gxf4 54. gxf4 Rxf4 55. Rab7 Re4 56. Rf7 Ng6 57. Rxh7+ Kg5 58. Rhg7 Kh6 59. Rg8 Nxe5 60. Re8 Nf3+ 61. Kf2 Nd4 62. Rxb4 Kg5 63. Rb7 Kf4 64. Rd8 e5 65. Rf8+ Kg5 66. b4 Re2+ 67. Kf1 Rb2 68. Rg7+ Kh6 69. Rg3 Kh7 70. Rf2 Rb1+ 71. Kg2 Rxb4 72. Kf1 Rb1+ 1/2-1/2

[Event "HUN-chT BAZ megyei CSB 2122"]
[Site "Hungary"]
[Date "2022.01.16"]
[Round "5.6"]
[White "Horvath, Laszlo5"]
[Black "Elek, Monika"]
[Result "0-1"]
[WhiteElo "1694"]
[BlackElo "1782"]
[PlyCount "98"]
[EventDate "2021.10.17"]
[EventType "team-tourn"]
[EventRounds "9"]
[EventCountry "HUN"]
[SourceTitle "EXT 2025"]
[Source "ChessBase"]
[SourceDate "2024.10.14"]
[SourceVersion "1"]
[SourceVersionDate "2024.10.14"]
[SourceQuality "1"]
[WhiteTeam "Hidasnemeti VSC"]
[BlackTeam "Szirmabesenyo II"]
[WhiteTeamCountry "HUN"]
[BlackTeamCountry "HUN"]

1. e4 g6 2. d4 Bg7 3. c3 d6 4. Nf3 e6 5. Bd3 Ne7 6. Bg5 h6 7. Be3 Nd7 8. Nbd2 b6 9. Qe2 Bb7 10. Ba6 Bxa6 11. Qxa6 0-0 12. 0-0 Nf6 13. h3 g5 14. Nh2 Ng6 15. Qe2 e5 16. g3 Qd7 17. Kg2 exd4 18. Bxd4 c5 19. Be3 Qc6 20. f3 Rfe8 21. Qf2 d5 22. exd5 Nxd5 23. Rfe1 Nxe3+ 24. Rxe3 Rxe3 25. Qxe3 Re8 26. Qf2 Qb5 27. Re1 Rxe1 28. Qxe1 Qxb2 29. Nhf1 Bxc3 30. a4 Ne5 31. Kh1 Qa2 32. f4 Qd5+ 33. Qe4 Qd7 34. Kg2 Bxd2 35. fxe5 Bb4 36. Ne3 Qd2+ 37. Kf3 Qc3 38. e6 Qf6+ 39. Kg2 Qxe6 40. Qf3 Qa2+ 41. Kg1 Qb1+ 42. Kg2 Qb2+ 43. Kh1 Qc1+ 44. Kh2 c4 45. h4 Bc5 46. Nf5 Bf8 47. Kh3 c3 48. Kg4 c2 49. Kh5 Qd1 0-1

[Event "HUN-chT2 Barcza 2122"]
[Site "Hungary"]
[Date "2021.12.19"]
[Round "4.10"]
[White "Varga, Laszlo"]
[Black "Elek, Monika"]
[Result "1-0"]
[WhiteElo "1828"]
[BlackElo "1834"]
[PlyCount "81"]
[EventDate "2021.10.10"]
[EventType "team-tourn"]
[EventRounds "9"]
[EventCountry "HUN"]
[SourceTitle "EXT 2025"]
[Source "ChessBase"]
[SourceDate "2024.10.14"]
[SourceVersion "1"]
[SourceVersionDate "2024.10.14"]
[SourceQuality "1"]
[WhiteTeam "Kazincbarcika"]
[BlackTeam "Szirmabesenyo"]
[WhiteTeamCountry "HUN"]
[BlackTeamCountry "HUN"]

1. e4 d6 2. d4 Nf6 3. Nc3 a6 4. Bf4 b5 5. a3 Bb7 6. f3 Nfd7 7. Qd2 h6 8. Nh3 g5 9. Bg3 Bg7 10. Be2 Nb6 11. 0-0 Nc6 12. Bf2 Qd7 13. Rad1 Nc4 14. Qc1 Nb6 15. Na2 Na4 16. b3 Nb6 17. Be3 d5 18. e5 0-0-0 19. Nf2 Kb8 20. Nd3 Bc8 21. Nc5 Qe8 22. a4 Na7 23. Nb4 a5 24. Nba6+ Bxa6 25. Nxa6+ Kb7 26. Nc5+ Kb8 27. axb5 Nxb5 28. Qa1 c6 29. Qxa5 Kc7 30. Bxb5 Ra8 31. Ba6 Qb8 32. f4 g4 33. f5 h5 34. e6 Rd8 35. exf7 Bf8 36. c4 h4 37. cxd5 h3 38. Ne6+ Kd7 39. dxc6+ Kxc6 40. Qb5+ Kd6 41. Bf4# 1-0

[Event "HUN-chT BAZ megyei CSB 2122"]
[Site "Hungary"]
[Date "2021.11.28"]
[Round "3.6"]
[White "Elek, Monika"]
[Black "Toth, Janos"]
[Result "1/2-1/2"]
[WhiteElo "1809"]
[BlackElo "1701"]
[PlyCount "41"]
[EventDate "2021.10.17"]
[EventType "team-tourn"]
[EventRounds "9"]
[EventCountry "HUN"]
[SourceTitle "EXT 2025"]
[Source "ChessBase"]
[SourceDate "2024.10.14"]
[SourceVersion "1"]
[SourceVersionDate "2024.10.14"]
[SourceQuality "1"]
[WhiteTeam "Szirmabesenyo II"]
[BlackTeam "Kazincbarcika II"]
[WhiteTeamCountry "HUN"]
[BlackTeamCountry "HUN"]

1. d4 d5 2. c4 dxc4 3. e3 e6 4. Bxc4 Bb4+ 5. Nc3 Ne7 6. a3 Bxc3+ 7. bxc3 Nd5 8. Qc2 Nd7 9. Nf3 h6 10. a4 0-0 11. e4 N5f6 12. e5 Nd5 13. Ba2 f5 14. Bb1 Ne7 15. Ba3 Rf7 16. g4 Nf8 17. g5 h5 18. Rg1 g6 19. Nh4 b6 20. Bxe7 Qxe7 21. Ba2 1/2-1/2

[Event "HUN-chT BAZ megyei CSB 2122"]
[Site "Hungary"]
[Date "2021.11.14"]
[Round "2.8"]
[White "Szalanczi, Flora"]
[Black "Elek, Monika"]
[Result "1/2-1/2"]
[WhiteElo "1700"]
[BlackElo "1809"]
[PlyCount "22"]
[EventDate "2021.10.17"]
[EventType "team-tourn"]
[EventRounds "9"]
[EventCountry "HUN"]
[SourceTitle "EXT 2025"]
[Source "ChessBase"]
[SourceDate "2024.10.14"]
[SourceVersion "1"]
[SourceVersionDate "2024.10.14"]
[SourceQuality "1"]
[WhiteTeam "Szerencs Varos"]
[BlackTeam "Szirmabesenyo II"]
[WhiteTeamCountry "HUN"]
[BlackTeamCountry "HUN"]

1. d4 d5 2. Bf4 e6 3. e3 Nf6 4. c4 c6 5. Nc3 Bb4 6. Bd3 dxc4 7. Bxc4 Qa5 8. Nge2 Nd5 9. Bxd5 exd5 10. 0-0 Be6 11. a3 Bxc3 1/2-1/2

[Event "HUN-chT2 Barcza 1617"]
[Site "Hungary"]
[Date "2016.11.13"]
[Round "4.8"]
[White "Elek, Monika"]
[Black "Toth, Janos"]
[Result "0-1"]
[WhiteElo "1837"]
[BlackElo "2120"]
[PlyCount "94"]
[EventDate "2016.09.25"]
[EventType "team-tourn"]
[EventRounds "11"]
[EventCountry "HUN"]
[SourceTitle "EXT 2021"]
[Source "ChessBase"]
[SourceDate "2020.10.23"]
[SourceVersion "1"]
[SourceVersionDate "2020.10.23"]
[SourceQuality "1"]
[WhiteTeam "Kazincbarcika"]
[BlackTeam "Hajduboszormeny"]
[WhiteTeamCountry "HUN"]
[BlackTeamCountry "HUN"]

1. d4 Nf6 2. c4 e6 3. Nc3 d5 4. e3 Be7 5. Nf3 0-0 6. Bd3 b6 7. 0-0 Bb7 8. Ne5 c5 9. Ne2 Nc6 10. Nxc6 Bxc6 11. f3 Qc7 12. Qe1 dxc4 13. Bxc4 Rfd8 14. Bb3 Bb5 15. Rf2 Bd6 16. g4 a5 17. a4 Ba6 18. g5 Nd5 19. Bxd5 exd5 20. Rg2 Re8 21. Qh4 Rad8 22. Bd2 Bxe2 23. Rxe2 cxd4 24. Qxd4 Bc5 25. Qh4 d4 26. Kh1 dxe3 27. Bc3 Qc6 28. Qg4 Rd5 29. h4 Qe6 30. Qg2 Qf5 31. Rf1 Qf4 32. Qh3 Qxa4 33. f4 Rd1 34. h5 Qa1 35. Rxd1 Qxd1+ 36. Re1 Qd5+ 37. Kh2 Qe4 38. Be5 Rd8 39. Kg3 e2 40. Qh2 Qe3+ 41. Kg4 Rd2 42. h6 f6 43. gxf6 gxf6 44. Qh5 Rd8 45. Qh4 Rf8 46. Bc3 f5+ 47. Kg5 Be7+ 0-1

[Event "HUN-chT2 Barcza 1415"]
[Site "Hungary"]
[Date "2015.01.25"]
[Round "?"]
[White "Elek, Monika"]
[Black "Fabian, Lajos"]
[Result "1-0"]
[WhiteElo "1868"]
[BlackElo "1790"]
[PlyCount "41"]
[EventDate "2014.09.07"]
[EventType "team-tourn"]
[EventRounds "11"]
[EventCountry "HUN"]
[SourceTitle "EXT 2016"]
[Source "ChessBase"]
[SourceDate "2015.10.08"]
[SourceVersion "1"]
[SourceVersionDate "2015.10.08"]
[SourceQuality "1"]
[WhiteTeam "Kazincbarcika"]
[BlackTeam "Sajobabony"]
[WhiteTeamCountry "HUN"]
[BlackTeamCountry "HUN"]

1. d4 Nf6 2. c4 g6 3. Nc3 d5 4. cxd5 Nxd5 5. e4 Nxc3 6. bxc3 Bg7 7. Bc4 0-0 8. Ba3 Nc6 9. h4 h6 10. Ne2 Kh7 11. Rb1 f5 12. e5 f4 13. f3 Bxe5 14. dxe5 Nxe5 15. Qxd8 Rxd8 16. Bb3 Bf5 17. Rd1 Nd3+ 18. Kf1 Rd7 19. Nd4 e5 20. Nxf5 gxf5 21. Be6 1-0

[Event "HUN-chT2 Barcza 1415"]
[Site "Hungary"]
[Date "2014.11.16"]
[Round "?"]
[White "Elek, Monika"]
[Black "Tordai, Akos"]
[Result "1-0"]
[WhiteElo "1868"]
[BlackElo "1762"]
[PlyCount "92"]
[EventDate "2014.09.07"]
[EventType "team-tourn"]
[EventRounds "11"]
[EventCountry "HUN"]
[SourceTitle "EXT 2016"]
[Source "ChessBase"]
[SourceDate "2015.10.08"]
[SourceVersion "1"]
[SourceVersionDate "2015.10.08"]
[SourceQuality "1"]
[WhiteTeam "Kazincbarcika"]
[BlackTeam "Piremon"]
[WhiteTeamCountry "HUN"]
[BlackTeamCountry "HUN"]

1. d4 f5 2. c4 Nf6 3. Nc3 e6 4. Nf3 d5 5. e3 c6 6. Bd3 Bd6 7. 0-0 0-0 8. b3 Ne4 9. Ne2 Nd7 10. a4 Qe7 11. Bb2 g5 12. Qc1 g4 13. Ne5 Ng5 14. f4 Ne4 15. Bxe4 dxe4 16. Qe1 Nxe5 17. fxe5 Bb4 18. Qg3 b6 19. Nf4 Bb7 20. h3 Kf7 21. Nh5 Rg8 22. Nf6 gxh3 23. Nxg8 Rxg8 24. Qxh3 Ke8 25. Rf4 Qg5 26. Bc1 h6 27. Ra2 Be7 28. Bd2 Qg6 29. Be1 Bg5 30. Rf1 Rf8 31. Bh4 Rg8 32. Bxg5 Qxg5 33. Rf4 Rh8 34. Qh4 Bc8 35. Qxg5 hxg5 36. Rf1 a6 37. g3 Rh3 38. Kg2 g4 39. Rh1 Rxh1 40. Kxh1 Kf7 41. Rh2 Kg7 42. b4 Bb7 43. Rc2 b5 44. cxb5 axb5 45. axb5 Kf8 46. bxc6 Bc8 1-0

[Event "HUN-chT2 Barcza 1415"]
[Site "Hungary"]
[Date "2014.09.21"]
[Round "?"]
[White "Kovacs, Tamas"]
[Black "Elek, Monika"]
[Result "1-0"]
[WhiteElo "2117"]
[BlackElo "1868"]
[PlyCount "63"]
[EventDate "2014.09.07"]
[EventType "team-tourn"]
[EventRounds "11"]
[EventCountry "HUN"]
[SourceTitle "EXT 2016"]
[Source "ChessBase"]
[SourceDate "2015.10.08"]
[SourceVersion "1"]
[SourceVersionDate "2015.10.08"]
[SourceQuality "1"]
[WhiteTeam "Miskolc Sakkiskola"]
[BlackTeam "Kazincbarcika"]
[WhiteTeamCountry "HUN"]
[BlackTeamCountry "HUN"]

1. d4 b6 2. c4 Bb7 3. Nc3 e6 4. a3 h6 5. e4 Ne7 6. Bd3 d5 7. Nf3 dxc4 8. Bxc4 Ng6 9. h4 Nd7 10. h5 Ne7 11. Bf4 Nf6 12. Qe2 Qd7 13. Nb5 Rc8 14. Nxa7 Ra8 15. Ne5 Qxd4 16. Bb5+ c6 17. Naxc6 Nxc6 18. Nxc6 Qxe4 19. Qxe4 Nxe4 20. Na5+ Kd8 21. Nxb7+ Kc8 22. Rc1+ Kxb7 23. Bc6+ Ka7 24. Bxe4 Rd8 25. Rc7+ Ka6 26. b4 Rd4 27. Bb7+ Ka7 28. Bc6+ Kb8 29. Rxf7+ Bd6 30. Bxd6+ Rxd6 31. b5 Rd3 32. 0-0 1-0

[Event "HUN-chT2 Maroczy 1112"]
[Site "Hungary"]
[Date "2012.05.20"]
[Round "11"]
[White "Elek, Monika"]
[Black "Nemeth, Henrietta"]
[Result "1-0"]
[WhiteElo "1916"]
[BlackElo "1666"]
[PlyCount "75"]
[EventDate "2011.09.25"]
[EventType "team-tourn"]
[EventRounds "11"]
[EventCountry "HUN"]
[SourceTitle "EXT 2013"]
[Source "ChessBase"]
[SourceDate "2012.11.22"]
[SourceVersion "1"]
[SourceVersionDate "2012.11.22"]
[SourceQuality "1"]
[WhiteTeam "Kazincbarcika"]
[BlackTeam "Taban Spartacus"]
[WhiteTeamCountry "HUN"]
[BlackTeamCountry "HUN"]

1. Nf3 d5 2. g3 Nf6 3. Bg2 Bf5 4. d3 h6 5. Nbd2 e6 6. 0-0 Nbd7 7. Re1 c6 8. Nh4 Bh7 9. e4 dxe4 10. dxe4 Be7 11. c4 0-0 12. e5 Ne8 13. Nhf3 f6 14. exf6 Rxf6 15. b3 Nc5 16. Bb2 Nd3 17. Bxf6 Bxf6 18. Rxe6 Qb6 19. Qe2 Nc7 20. Rxf6 gxf6 21. Rf1 Re8 22. Qd1 Nb2 23. Qa1 Nd3 24. Qxf6 Re6 25. Qd8+ Re8 26. Qh4 Re6 27. Bh3 Re2 28. Qg4+ Kh8 29. Qc8+ Ne8 30. Be6 Bg6 31. Nh4 Bh5 32. Ne4 Rxe4 33. Qd7 Nxf2 34. Bf5 Ng4+ 35. Kh1 Nf2+ 36. Kg2 Nf6 37. Qd2 Re5 38. Qxh6+ 1-0

[Event "HUN-chT2 Maroczy 1112"]
[Site "Hungary"]
[Date "2012.03.25"]
[Round "8"]
[White "Elek, Monika"]
[Black "Biro, Istvan"]
[Result "1/2-1/2"]
[WhiteElo "1916"]
[BlackElo "1968"]
[PlyCount "181"]
[EventDate "2011.09.25"]
[EventType "team-tourn"]
[EventRounds "11"]
[EventCountry "HUN"]
[SourceTitle "EXT 2013"]
[Source "ChessBase"]
[SourceDate "2012.11.22"]
[SourceVersion "1"]
[SourceVersionDate "2012.11.22"]
[SourceQuality "1"]
[WhiteTeam "Kazincbarcika"]
[BlackTeam "Oroshaza"]
[WhiteTeamCountry "HUN"]
[BlackTeamCountry "HUN"]

1. Nf3 Nf6 2. g3 g6 3. Bg2 Bg7 4. d3 0-0 5. 0-0 d5 6. Nbd2 c6 7. h3 Nbd7 8. Nh2 Nc5 9. Rb1 Be6 10. c3 Qc8 11. h4 a5 12. Re1 Rd8 13. Ndf3 Bh3 14. Ng5 Bxg2 15. Kxg2 e5 16. Qc2 h6 17. Nh3 Qf5 18. Be3 Ne6 19. Qc1 Kh7 20. Qc2 d4 21. Bd2 e4 22. c4 exd3 23. Qxd3 Qxd3 24. exd3 Nd7 25. Rbd1 Re8 26. Nf3 Ndc5 27. Bc1 a4 28. g4 Re7 29. Kh2 Rae8 30. h5 g5 31. Kh1 Nc7 32. Rxe7 Rxe7 33. Kg2 Re2 34. Kf1 Rc2 35. Ne1 Rxc1 36. Rxc1 Be5 37. Rd1 N7a6 38. a3 Ne6 39. Nf3 Bg7 40. Ke2 Nac5 41. Kd2 b5 42. cxb5 cxb5 43. Re1 Kg8 44. Kc2 Kf8 45. Ne5 Bf6 46. Nc6 Ke8 47. Na7 Kd7 48. Nxb5 Kc6 49. Nxd4+ Nxd4+ 50. Kb1 Nxd3 51. Re8 Ne6 52. Ra8 Nxb2 53. Ra7 Nc7 54. Ra5 Nd5 55. Ra6+ Nb6 56. Ra7 Nd7 57. Ra6+ Kb7 58. Rd6 Kc7 59. Ra6 Bg7 60. Ra5 Kd6 61. Ra6+ Ke7 62. Ra7 Bd4 63. Rb7 Nd3 64. f3 Kd6 65. Rb5 Bc5 66. Ka2 Kc6 67. Rb1 N7e5 68. Rd1 Kb5 69. Rb1+ Kc4 70. Ng1 Kc3 71. Ne2+ Kd2 72. Ng3 Kc2 73. Ne2 Nxf3 74. Rf1 Nfe5 75. Rf6 Kd2 76. Ng3 Bf8 77. Ra6 Kc2 78. Rxa4 Nc1+ 79. Ka1 Bg7 80. Nf5 Bf6 81. Nd4+ Kd1 82. Kb1 Nxg4 83. Nf5 Nf2 84. Nxh6 Nb3 85. Ra7 Bd4 86. Rxf7 Nd2+ 87. Ka2 Nd3 88. a4 Kc2 89. Rc7+ Bc3 90. Rxc3+ Kxc3 91. a5 1/2-1/2

[Event "HUN-chT2 Maroczy 1112"]
[Site "Hungary"]
[Date "2011.11.12"]
[Round "4"]
[White "Elek, Monika"]
[Black "Kemendi, Daniel"]
[Result "1-0"]
[WhiteElo "1916"]
[BlackElo "1725"]
[PlyCount "99"]
[EventDate "2011.09.25"]
[EventType "team-tourn"]
[EventRounds "11"]
[EventCountry "HUN"]
[SourceTitle "EXT 2013"]
[Source "ChessBase"]
[SourceDate "2012.11.22"]
[SourceVersion "1"]
[SourceVersionDate "2012.11.22"]
[SourceQuality "1"]
[WhiteTeam "Kazincbarcika"]
[BlackTeam "Miskolc EMSE"]
[WhiteTeamCountry "HUN"]
[BlackTeamCountry "HUN"]

1. d4 Nf6 2. c4 g6 3. Nc3 d5 4. e3 Bg7 5. cxd5 Nxd5 6. Bc4 Nxc3 7. bxc3 0-0 8. Nf3 c5 9. 0-0 Nc6 10. Qc2 a6 11. a4 Bf5 12. e4 Bg4 13. dxc5 Qa5 14. Be3 Qxc3 15. Qxc3 Bxc3 16. Rab1 Bxf3 17. gxf3 e6 18. Be2 Nd4 19. Bd1 Rfc8 20. Rc1 Rxc5 21. Rxc3 Nxf3+ 22. Bxf3 Rxc3 23. a5 e5 24. Bg2 Rd8 25. Rb1 Rd7 26. Bh3 Rdc7 27. Rd1 Kg7 28. Rd5 f6 29. Be6 Kf8 30. Bb6 R7c6 31. Rd8+ Ke7 32. Bg4 h5 33. Rd7+ Ke8 34. Rg7 hxg4 35. Rxg6 Rb3 36. Rxg4 Rcxb6 37. axb6 Rxb6 38. h4 Kf8 39. h5 Rc6 40. h6 Rc7 41. Rg6 Rf7 42. Kg2 Ke7 43. Kg3 a5 44. Kh4 a4 45. Rg8 f5 46. exf5 Rxf5 47. h7 Rxf2 48. Kg3 Rf1 49. Kg2 a3 50. h8Q 1-0

[Event "HUN-chT 1011"]
[Site "Hungary"]
[Date "2011.04.17"]
[Round "9"]
[White "Tanacs, Anna"]
[Black "Elek, Monika"]
[Result "1-0"]
[WhiteElo "2070"]
[BlackElo "1923"]
[PlyCount "121"]
[EventDate "2010.10.10"]
[EventType "team-tourn"]
[EventRounds "11"]
[EventCountry "HUN"]
[SourceTitle "EXT 2012"]
[Source "ChessBase"]
[SourceDate "2011.11.24"]
[SourceVersion "1"]
[SourceVersionDate "2011.11.24"]
[SourceQuality "1"]
[WhiteTeam "Taban Spartacus"]
[BlackTeam "Kazincbarcika"]
[WhiteTeamCountry "HUN"]
[BlackTeamCountry "HUN"]

1. d4 d5 2. Nf3 Nf6 3. g3 g6 4. Bg2 Bg7 5. 0-0 0-0 6. c4 e6 7. Nbd2 Nc6 8. b3 Ne4 9. Bb2 f5 10. Rc1 a5 11. a3 Qe7 12. Ne5 Nxe5 13. dxe5 c6 14. Qc2 Qc7 15. Nf3 g5 16. Rfd1 g4 17. Ne1 Qb8 18. Nd3 Ng5 19. Bd4 Bd7 20. Bc5 Rf7 21. Be3 h6 22. Bf4 Bf8 23. a4 Rh7 24. Qd2 Qd8 25. Be3 Nf7 26. Bd4 h5 27. h4 gxh3 28. Bxh3 h4 29. Bg2 hxg3 30. fxg3 Bh6 31. Be3 Qf8 32. Nf4 Nxe5 33. cxd5 exd5 34. Bxd5+ Nf7 35. Bg2 Be8 36. Ng6 Bxe3+ 37. Qxe3 Qh6 38. Ne7+ Kf8 39. Nxf5 Qh2+ 40. Kf2 Qh5 41. Qc5+ Kg8 42. Rh1 Qg5 43. Rxh7 Kxh7 44. Rh1+ Kg8 45. Be4 Qf6 46. Kg2 Ng5 47. Bd3 Bf7 48. Nh6+ Kg7 49. Nxf7 Nxf7 50. Rh7+ Kg8 51. Qh5 Rd8 52. Rxf7 Qxf7 53. Bc4 Rd5 54. Bxd5 cxd5 55. Qxf7+ Kxf7 56. Kf3 Ke6 57. Kf4 Kd6 58. g4 Kc5 59. g5 Kb4 60. g6 Kxb3 61. g7 1-0

[Event "HUN-chT2 Maroczy 0809"]
[Site "Hungary"]
[Date "2009.04.05"]
[Round "10"]
[White "Balsai, Nikolett"]
[Black "Elek, Monika"]
[Result "1/2-1/2"]
[WhiteElo "1925"]
[BlackElo "1957"]
[PlyCount "37"]
[EventDate "2008.10.26"]
[EventType "tourn"]
[EventRounds "11"]
[EventCountry "HUN"]
[SourceTitle "EXT 2010"]
[Source "ChessBase"]
[SourceDate "2010.11.25"]
[SourceVersion "1"]
[SourceVersionDate "2010.11.25"]
[SourceQuality "1"]
[WhiteTeam "Fuzesabony"]
[BlackTeam "Miskolc EMSE"]
[WhiteTeamCountry "HUN"]
[BlackTeamCountry "HUN"]

1. e4 c6 2. Nc3 d5 3. Qf3 e6 4. exd5 exd5 5. d4 Be6 6. Nge2 Bd6 7. Nf4 Qf6 8. Nxe6 Qxe6+ 9. Be2 Nd7 10. Bf4 Bxf4 11. Qxf4 Ngf6 12. 0-0 0-0 13. Rfe1 Nb6 14. Bd3 Qg4 15. Qxg4 Nxg4 16. Re7 Rab8 17. Rae1 Nf6 18. f3 Ne8 19. Kf2 1/2-1/2

[Event "HUN-chT2 Maroczy 0809"]
[Site "Hungary"]
[Date "2009.01.11"]
[Round "5"]
[White "Mike, Peter"]
[Black "Elek, Monika"]
[Result "1-0"]
[WhiteElo "1986"]
[BlackElo "1957"]
[PlyCount "127"]
[EventDate "2008.10.26"]
[EventType "tourn"]
[EventRounds "11"]
[EventCountry "HUN"]
[SourceTitle "EXT 2010"]
[Source "ChessBase"]
[SourceDate "2010.11.25"]
[SourceVersion "1"]
[SourceVersionDate "2010.11.25"]
[SourceQuality "1"]
[WhiteTeam "Maroczy"]
[BlackTeam "Miskolc EMSE"]
[WhiteTeamCountry "HUN"]
[BlackTeamCountry "HUN"]

1. e4 c6 2. Nf3 d5 3. e5 Bf5 4. d4 e6 5. Be2 Nd7 6. 0-0 c5 7. c3 cxd4 8. cxd4 Ne7 9. Nc3 Nc6 10. Ng5 h6 11. g4 hxg5 12. gxf5 exf5 13. Nxd5 g4 14. Qd3 g6 15. Bf4 Bh6 16. e6 fxe6 17. Qe3 Kf7 18. Bxh6 exd5 19. Bg5 Qe8 20. Qd2 Nf6 21. Bxf6 Kxf6 22. f3 g3 23. hxg3 Qe7 24. Kg2 Kf7 25. Rae1 Qf6 26. Rd1 Rae8 27. Bb5 a6 28. Bxc6 Qxc6 29. Rc1 Qb6 30. Rc5 Qd6 31. Rfc1 Re7 32. R1c2 Kf6 33. Qa5 Reh7 34. Kf1 Rh1+ 35. Ke2 R8h2+ 36. Kd3 Rd1+ 37. Kc3 Rxc2+ 38. Kxc2 Rxd4 39. Qc3 Qe5 40. f4 Qe2+ 41. Kb3 Qd3 42. Rc7 Qxc3+ 43. Kxc3 Re4 44. Rxb7 Re3+ 45. Kd4 Rxg3 46. Rb6+ Kg7 47. Kxd5 Rd3+ 48. Kc5 Rf3 49. Rb4 a5 50. Ra4 Rf2 51. b3 Rc2+ 52. Kd4 Rd2+ 53. Kc3 Rd5 54. Kc4 Rd1 55. Kb5 Re1 56. Kxa5 Re4 57. Rxe4 fxe4 58. Kb4 Kf6 59. a4 Kf5 60. a5 e3 61. Kc3 Kxf4 62. a6 e2 63. Kd2 Kf3 64. Ke1 1-0

[Event "HUN-chT2 Maroczy 0809"]
[Site "Hungary"]
[Date "2008.12.21"]
[Round "4"]
[White "Elek, Monika"]
[Black "Katona, Jozsef"]
[Result "1/2-1/2"]
[WhiteElo "1957"]
[BlackElo "2044"]
[PlyCount "105"]
[EventDate "2008.10.26"]
[EventType "tourn"]
[EventRounds "11"]
[EventCountry "HUN"]
[SourceTitle "EXT 2010"]
[Source "ChessBase"]
[SourceDate "2010.11.25"]
[SourceVersion "1"]
[SourceVersionDate "2010.11.25"]
[SourceQuality "1"]
[WhiteTeam "Miskolc EMSE"]
[BlackTeam "Oroshaza"]
[WhiteTeamCountry "HUN"]
[BlackTeamCountry "HUN"]

1. d4 Nf6 2. c4 c5 3. d5 b5 4. cxb5 a6 5. bxa6 Bxa6 6. g3 g6 7. Bg2 d6 8. Nf3 Bg7 9. 0-0 Nbd7 10. Re1 0-0 11. Nc3 Qc7 12. e4 Rfb8 13. Qc2 c4 14. Bf4 Nh5 15. Bg5 Nc5 16. e5 Nd3 17. exd6 exd6 18. Reb1 Bc8 19. h3 Bd7 20. Ne1 Bf5 21. Qd2 Bd4 22. Nxd3 Bxd3 23. Re1 Nxg3 24. Qf4 Nf5 25. Be4 Be5 26. Qd2 Qb6 27. Bxd3 cxd3 28. Qxd3 Qxb2 29. Ne4 Qa3 30. Qxa3 Rxa3 31. Rab1 Rba8 32. Nf6+ Kg7 33. Ng4 Rxa2 34. Nxe5 dxe5 35. Rxe5 Ra1 36. Ree1 Rxb1 37. Rxb1 h6 38. Bf4 Rd8 39. Rd1 Rd7 40. Kg2 g5 41. Be5+ Kg6 42. Kf3 f6 43. Bc3 Nd6 44. Ke3 Kf5 45. Bb4 Nb5 46. f4 Nc7 47. d6 Ne8 48. fxg5 hxg5 49. Rd4 Ke6 50. Re4+ Kf7 51. Rd4 f5 52. Kf3 Ke6 53. Bd2 1/2-1/2

[Event "HUN-chT2 Maroczy 0809"]
[Site "Hungary"]
[Date "2008.10.26"]
[Round "1"]
[White "Elek, Monika"]
[Black "Karikas, Marianna"]
[Result "1/2-1/2"]
[WhiteElo "1957"]
[BlackElo "1617"]
[PlyCount "72"]
[EventDate "2008.10.26"]
[EventType "tourn"]
[EventRounds "11"]
[EventCountry "HUN"]
[SourceTitle "EXT 2010"]
[Source "ChessBase"]
[SourceDate "2010.11.25"]
[SourceVersion "1"]
[SourceVersionDate "2010.11.25"]
[SourceQuality "1"]
[WhiteTeam "Miskolc EMSE"]
[BlackTeam "Hajduboszormeny"]
[WhiteTeamCountry "HUN"]
[BlackTeamCountry "HUN"]

1. d4 f5 2. c4 g6 3. Nc3 Nf6 4. Bf4 Bg7 5. Nf3 d6 6. e3 0-0 7. Ng5 h6 8. Nf3 Nh5 9. Bg3 Nd7 10. Bh4 c6 11. Bd3 Qe8 12. Qc2 e5 13. dxe5 dxe5 14. Nd2 Nc5 15. f3 g5 16. Bf2 Qe7 17. 0-0-0 Nxd3+ 18. Qxd3 Rd8 19. Qc2 Be6 20. Ne2 b5 21. e4 f4 22. g4 Nf6 23. h4 Kf7 24. hxg5 hxg5 25. c5 a5 26. Nb3 a4 27. Rxd8 Rxd8 28. Nd2 Bxa2 29. b3 axb3 30. Nxb3 Bxb3 31. Qxb3+ Qe6 32. Qxe6+ Kxe6 33. Kc2 Ra8 34. Kb3 Rd8 35. Kc2 Ra8 36. Kb3 Rd8 1/2-1/2

[Event "HUN-chT2 Maroczy 0708"]
[Site "Hungary"]
[Date "2008.05.18"]
[Round "11"]
[White "Elek, Monika"]
[Black "Karikas, Marianna"]
[Result "1-0"]
[WhiteElo "1959"]
[BlackElo "1679"]
[PlyCount "127"]
[EventDate "2007.10.14"]
[EventType "team-tourn"]
[EventRounds "11"]
[EventCountry "HUN"]
[SourceTitle "EXT 2009"]
[Source "ChessBase"]
[SourceDate "2008.11.26"]
[SourceVersion "1"]
[SourceVersionDate "2008.11.26"]
[SourceQuality "1"]
[WhiteTeam "Miskolc EMSE"]
[BlackTeam "Hajduboszormeny"]
[WhiteTeamCountry "HUN"]
[BlackTeamCountry "HUN"]

1. d4 g6 2. c4 Bg7 3. Nc3 d6 4. e4 c6 5. Be3 Nf6 6. f3 0-0 7. Bd3 e5 8. d5 Nbd7 9. Nge2 Nb6 10. 0-0 Ne8 11. Qd2 f5 12. dxc6 bxc6 13. c5 f4 14. Bf2 Nd7 15. Bc4+ Kh8 16. cxd6 Nb6 17. Bb3 Qxd6 18. Qxd6 Nxd6 19. Bc5 Rd8 20. Rfd1 Nb7 21. Rxd8+ Nxd8 22. Rd1 Ba6 23. Nc1 Nb7 24. Be7 Bf8 25. Bf6+ Bg7 26. Bh4 Bc4 27. Bc2 Be6 28. Nd3 Rc8 29. Nb4 h6 30. Bd3 Bc4 31. Bxc4 Nxc4 32. Rd7 Ncd6 33. Be7 Bf8 34. Bf6+ Kg8 35. Bxe5 g5 36. Bxd6 Nxd6 37. Nd3 Nb5 38. Ne2 Rc7 39. Rd8 Nd6 40. Ne5 Nf7 41. Nxf7 Kxf7 42. Kf1 Ke7 43. Rb8 Bg7 44. Nc3 Be5 45. Rg8 Kf7 46. Rd8 Ke7 47. Ra8 Rb7 48. Na4 Bd4 49. b3 Rc7 50. Rg8 Kf7 51. Rd8 Be3 52. Rd6 Kg7 53. Ke2 Kh7 54. Kd3 Kg7 55. e5 Kh7 56. Ke4 Kg7 57. Kf5 Rf7+ 58. Kg4 Re7 59. Kf5 Rf7+ 60. Ke6 Rc7 61. Rd7+ Rxd7 62. Kxd7 Kf8 63. e6 Bd2 64. e7+ 1-0